Annie Leibovitz / (Record no. 2970)
[ view plain ]
| 000 -CABECERA | |
|---|---|
| campo de control de longitud fija | 00955ngm a2200205 a 4500 |
| 005 - FECHA Y HORA DE LA ÚLTIMA TRANSACCIÓN | |
| campo de control | 20210223120530.0 |
| 008 - ELEMENTOS DE LONGITUD FIJA--INFORMACIÓN GENERAL | |
| campo de control de longitud fija | 991125s1999 mx 051 aaspa u |
| 035 ## - NÚMERO DE CONTROL DEL SISTEMA | |
| Número de control de sistema | UPN01000002970 |
| 049 ## - COLECCIÓN | |
| Colección | AV |
| 050 #4 - SIGNATURA TOPOGRÁFICA DE LA BIBLIOTECA DEL CONGRESO | |
| Número de clasificación | PVI N 0791 |
| 100 1# - ASIENTO PRINCIPAL--NOMBRE PERSONAL | |
| Nombre de persona | Frayn, Rebecca |
| 245 10 - MENCIÓN DE TÍTULO | |
| Título | Annie Leibovitz / |
| Mención de responsabilidad, etc. | dir. Rebecca Frayn. |
| 260 ## - PUBLICACIÓN, DISTRIBUCIÓN, ETC. | |
| Lugar de publicación, distribución, etc. | México : |
| Nombre del editor, distribuidor, etc. | Canal 22 : |
| -- | CNCA, |
| Fecha de publicación, distribución, etc. | 1999. |
| 300 ## - DESCRIPCIÓN FÍSICA | |
| Extensión | 1 videocasete (VHS) (51 min) |
| 440 #0 - MENCIÓN DE SERIE/ASIENTO SECUNDARIO--TÍTULO | |
| Título | Artes visuales |
| 520 ## - NOTA DE RESUMEN, ETC. | |
| Sumario, etc. | "El trabajo es como un bebé. No se cuida solo, necesita alimentarse todo el tiempo". Annie Leibovitz se sitúa entre los documentos más vívidos y memorables de nuestro tiempo. Este programa recapitula los años en que esta fotógrafa formó parte de la Revista Vanity Fair, y habla con Demi Mooresobre aquella portada escandalosa, donde aparece desnuda alos ocho meses de embarazo. Se registran esta y o |
| 600 14 - ASIENTO SECUNDARIO DE MATERIA - NOMBRE PERSONAL | |
| Nombre de persona | LEIBOVITZ, ANNIE |
| 650 #4 - ASIENTO SECUNDARIO DE MATERIA - TERMINO TEMATICO | |
| Término de materia o nombre geográfico como elemento de entrada | FOTOGRAFIA ARTISTICA |
| 9 (RLIN) | 9453 |
| 905 ## - TIPO DE MATERIAL | |
| Tipo de material | Audiovisuales |
| Estado de retiro | Estado de pérdida | Fuente del sistema de clasificación o colocación | Estado dañado | No para préstamo | Código de colección | Localización permanente | Ubicación/localización actual | Ubicación en estantería | Total de préstamos | Clasificación | Código de barras | Fecha visto por última vez | Número de copia | Tipo de ítem Koha |
|---|---|---|---|---|---|---|---|---|---|---|---|---|---|---|
| Library of Congress Classification | Audiovisuales | Bib. Gregorio Torres Quintero | Bib. Gregorio Torres Quintero | Audiovisual | PVI N 0791 | 164832 | 31/12/2020 | 1 | Videocasete |
